000
00251nam a22001217a 4500
003
SGT
082
_a
618.92
_b
P14N
100
_a
NEWELL, SIMON
245
_a
PEDIATRICS LECTURE NOTES
260
_a
UK
_b
WILEY
_c
2014
300
_a
320
942
_2
ddc
_c
BK
999
_c
14945
_d
14945